Regulations for the government of United States army general hospitals, 1914. (Record no. 92237)

MARC details
000 -LEADER
fixed length control field 00779cam a22002291 4500
001 - CONTROL NUMBER
control field war14000118
003 - CONTROL NUMBER IDENTIFIER
control field DLC
005 - DATE AND TIME OF LATEST TRANSACTION
control field 20260227112810.0
008 - FIXED-LENGTH DATA ELEMENTS--GENERAL INFORMATION
fixed length control field 820408s1914 dcua f000 0 eng c
010 ## - LIBRARY OF CONGRESS CONTROL NUMBER
LC control number war14000118
035 ## - SYSTEM CONTROL NUMBER
System control number (OCoLC)8319984
040 ## - CATALOGING SOURCE
Original cataloging agency Library, War College Div. General Staff
Transcribing agency PCarlMH
Modifying agency DLC
042 ## - AUTHENTICATION CODE
Authentication code premarc
050 00 - LIBRARY OF CONGRESS CALL NUMBER
Classification number UH473
Item number .A35 1914
110 1# - MAIN ENTRY--CORPORATE NAME
Corporate name or jurisdiction name as entry element United States.
Subordinate unit Surgeon-General's Office.
245 00 - TITLE STATEMENT
Title Regulations for the government of United States army general hospitals, 1914.
260 ## - PUBLICATION, DISTRIBUTION, ETC.
Place of publication, distribution, etc. Washington,
Name of publisher, distributor, etc. Govt. print. off.,
Date of publication, distribution, etc. 1914.
300 ## - PHYSICAL DESCRIPTION
Extent 41 p.
Other physical details tab.
Dimensions 15 cm.
500 ## - GENERAL NOTE
General note At head of t.p.: War department, Office of the surgeon general.
500 ## - GENERAL NOTE
General note War dept. doc. no. 471.
650 #0 - SUBJECT ADDED ENTRY--TOPICAL TERM
Topical term or geographic name entry element Military hospitals
Geographic subdivision United States.

No items available.

Powered by Koha